[Event "24. Int. Boeblinger Open"]
[Site "Boeblingen"]
[Date "2007.12.28"]
[Round "5.5"]
[White "Nabavi, Parwis"]
[Black "Wirig, Anthony"]
[Result "1/2-1/2"]
[WhiteElo "2166"]
[BlackElo "2467"]
[PlyCount "82"]
[EventDate "2007.??.??"]

1. d4 d5 2. c4 c6 3. Nf3 Nf6 4. Nc3 a6 5. e3 b5 6. b3 Bg4 7. Be2 e6 8. O-O Nbd7
9. Bb2 Bd6 10. h3 Bh5 11. Ne5 Bxe2 12. Nxe2 bxc4 13. bxc4 O-O 14. Qc2 Qc7 15.
cxd5 cxd5 16. Qxc7 Bxc7 17. Ba3 Rfc8 18. Nxd7 Nxd7 19. Rfc1 Ba5 20. Rxc8+ Rxc8
21. Rc1 Rxc1+ 22. Nxc1 Nb6 23. Nd3 Nc4 24. Bb4 Bc7 25. Kf1 a5 26. Bc3 f6 27. a4
Kf7 28. Nb2 Nd6 29. f3 Nf5 30. Ke2 Nh4 31. g4 Ng6 32. Nd3 Ne7 33. e4 Nc6 34.
Ke3 Ke7 35. exd5 exd5 36. Nf4 Bxf4+ 37. Kxf4 g6 38. Kg3 Kf7 39. Kh4 Nb4 40. Kg3
Nc6 41. Kf4 Ke6 1/2-1/2

[Event "24. Int. Boeblinger Open"]
[Site "Boeblingen"]
[Date "2007.12.28"]
[Round "5.7"]
[White "Naumann, Alexander"]
[Black "Mader, Manuela"]
[Result "1-0"]
[WhiteElo "2548"]
[BlackElo "2203"]
[PlyCount "47"]
[EventDate "2007.??.??"]

1. d4 Nf6 2. c4 g6 3. Nf3 Bg7 4. g3 O-O 5. Bg2 d6 6. O-O Nbd7 7. Nc3 e5 8. e4
a6 9. h3 b5 10. Qc2 c6 11. Rd1 exd4 12. Nxd4 Bb7 13. Bf4 Ne8 14. cxb5 axb5 15.
b4 c5 16. bxc5 Bxd4 17. Rxd4 dxc5 18. Rd2 Bc6 19. Nd5 Bxd5 20. Rxd5 Qc8 21.
Rad1 Ra7 22. Bh6 Nef6 23. Qb2 Rd8 24. Qxf6 1-0

[Event "24. Int. Boeblinger Open"]
[Site "Boeblingen"]
[Date "2007.12.28"]
[Round "5.8"]
[White "Schmittdiel, Eckhard"]
[Black "Kienitz, Andre"]
[Result "1-0"]
[WhiteElo "2423"]
[BlackElo "2193"]
[PlyCount "55"]
[EventDate "2007.??.??"]

1. Nf3 c5 2. b3 d6 3. e3 e5 4. Bb5+ Bd7 5. Bxd7+ Qxd7 6. O-O Nf6 7. c4 Nc6 8.
Bb2 Be7 9. Nc3 O-O 10. d4 cxd4 11. exd4 e4 12. Nd2 Nxd4 13. Ndxe4 Ne6 14. Ng3
Rfe8 15. Nf5 Bf8 16. Nb5 Red8 17. Bxf6 gxf6 18. Nc3 Ng7 19. Nh6+ Kh8 20. Nd5
Nf5 21. Nxf6 Qe6 22. Nhg4 Nh4 23. Qd3 Qf5 24. Qh3 Be7 25. Qxh4 Rg8 26. Rae1
Rxg4 27. Qxg4 Qxf6 28. Qd7 1-0

[Event "24. Int. Boeblinger Open"]
[Site "Boeblingen"]
[Date "2007.12.28"]
[Round "5.10"]
[White "Stuermer, Robin Gabriel"]
[Black "Schaefer, Markus"]
[Result "0-1"]
[WhiteElo "2171"]
[BlackElo "2395"]
[PlyCount "90"]
[EventDate "2007.??.??"]

1. Nc3 d5 2. e4 e6 3. d4 Nf6 4. Bd3 c5 5. Be3 Nc6 6. Nf3 cxd4 7. Nxd4 Be7 8.
exd5 exd5 9. Bb5 Qc7 10. Qd2 O-O 11. O-O Bg4 12. h3 Nxd4 13. Bxd4 Be6 14. Rfe1
Rad8 15. Rad1 a6 16. Bd3 Qc6 17. Qg5 h6 18. Qf4 Ne8 19. Re2 Bg5 20. Qg3 Bf6 21.
Qe3 Rc8 22. f4 Bxd4 23. Qxd4 Nf6 24. Re5 Rfe8 25. Be2 Ne4 26. Nxe4 dxe4 27. c4
Red8 28. Qxd8+ Rxd8 29. Rxd8+ Kh7 30. Rxe4 Qb6+ 31. Red4 Qxb2 32. Bd3+ g6 33.
g4 Qa1+ 34. Kf2 Qxa2+ 35. Kf3 Qa3 36. Rb8 Bxc4 37. Rd7 Kg7 38. Rbxb7 Bxd3 39.
Rxf7+ Kg8 40. Rg7+ Kf8 41. Rgf7+ Ke8 42. Rh7 Bb5+ 43. Kf2 Qc5+ 44. Ke1 Qe3+ 45.
Kd1 Ba4+ 0-1

[Event "24. Int. Boeblinger Open"]
[Site "Boeblingen"]
[Date "2007.12.28"]
[Round "5.11"]
[White "Haubold, Martin"]
[Black "Gheng, Josef"]
[Result "0-1"]
[WhiteElo "2165"]
[BlackElo "2310"]
[PlyCount "75"]
[EventDate "2007.??.??"]

1. d4 Nf6 2. Bg5 d5 3. Bxf6 exf6 4. e3 Be7 5. g3 O-O 6. Bg2 c6 7. Ne2 Qb6 8. b3
a5 9. Nbc3 Na6 10. O-O Re8 11. Na4 Qd8 12. c4 dxc4 13. bxc4 Bg4 14. Rb1 Rb8 15.
c5 Bf8 16. Re1 h5 17. Rb6 Nxc5 18. dxc5 Qxd1 19. Rxd1 Bxe2 20. Rd7 Red8 21.
Rxd8 Rxd8 22. f4 Bb5 23. Nc3 Bxc5 24. Rxb7 Bxe3+ 25. Kh1 f5 26. Bf3 Bc4 27.
Bxc6 Rd3 28. Nb5 Rd1+ 29. Kg2 Bf1+ 30. Kf3 Rd3 31. Be4 fxe4+ 32. Kxe4 Bg1 33.
Rb8+ Kh7 34. f5 Bxh2 35. Nd4 Rxg3 36. Rf8 Bg2+ 37. Kf4 f6 38. Rh8+ 0-1

[Event "24. Int. Boeblinger Open"]
[Site "Boeblingen"]
[Date "2007.12.28"]
[Round "5.12"]
[White "Beck, Frederik"]
[Black "Reljic, Radomir"]
[Result "1-0"]
[WhiteElo "2309"]
[BlackElo "2167"]
[PlyCount "71"]
[EventDate "2007.??.??"]

1. e4 c5 2. Nf3 g6 3. d4 Bg7 4. Nc3 cxd4 5. Nxd4 Nc6 6. Nde2 d6 7. g3 h5 8. h3
Bd7 9. Bg2 Qc8 10. Nd5 Rb8 11. Nef4 Nf6 12. c3 b5 13. Be3 b4 14. c4 h4 15. g4
Nh7 16. Nd3 g5 17. Bd2 a5 18. Rc1 Ne5 19. Nxe5 Bxe5 20. b3 e6 21. Ne3 Bd4 22.
Nc2 Bc5 23. f4 gxf4 24. Bxf4 Qc6 25. Qe2 Qb6 26. e5 Nf8 27. exd6 Ng6 28. Be3
Qxd6 29. O-O Qb6 30. Qf2 Bxe3 31. Nxe3 Rf8 32. c5 Qa7 33. c6 Bc8 34. c7 Rb6 35.
Nf5 exf5 36. Rfe1+ 1-0

[Event "24. Int. Boeblinger Open"]
[Site "Boeblingen"]
[Date "2007.12.28"]
[Round "5.14"]
[White "Cieza Vega, Arcadio"]
[Black "Haist, Winfried"]
[Result "1-0"]
[WhiteElo "2294"]
[BlackElo "2139"]
[PlyCount "57"]
[EventDate "2007.??.??"]

1. e4 d6 2. d4 Nf6 3. Bd3 e5 4. Ne2 exd4 5. Nxd4 Nc6 6. Nxc6 bxc6 7. O-O Rb8 8.
b3 Be7 9. Bb2 Be6 10. f4 h5 11. Nd2 d5 12. Bxf6 Bc5+ 13. Kh1 Qxf6 14. e5 Qh6
15. f5 Bc8 16. Nf3 O-O 17. c3 Kh8 18. Nd4 a5 19. Qf3 Bd7 20. Rae1 Rbe8 21. Re2
Bb6 22. a4 g6 23. h3 Re7 24. fxg6 Bc5 25. Nf5 Bxf5 26. Qxf5 Ree8 27. Qf6+ Qg7
28. Qxc6 Bb6 29. gxf7 1-0

[Event "24. Int. Boeblinger Open"]
[Site "Boeblingen"]
[Date "2007.12.28"]
[Round "5.16"]
[White "Schmied, Andreas"]
[Black "Frick, Christoph"]
[Result "1/2-1/2"]
[WhiteElo "2086"]
[BlackElo "2265"]
[PlyCount "64"]
[EventDate "2007.??.??"]

1. e4 g6 2. d4 Bg7 3. Nc3 d6 4. Be3 a6 5. Nf3 Nd7 6. Bd3 e6 7. O-O Ne7 8. Qd2
h6 9. h3 b6 10. Nh2 Bb7 11. g4 c5 12. d5 exd5 13. exd5 Nf6 14. Rfe1 Qd7 15. a4
Kf8 16. Bc4 Kg8 17. Re2 Kh7 18. Rae1 Rhe8 19. Bf4 g5 20. Bg3 Ng6 21. Rxe8 Rxe8
22. Rxe8 Nxe8 23. Qd3 Bxc3 24. Qxc3 Qxa4 25. b3 Qd7 26. Qf3 Kg7 27. Nf1 Nf6 28.
Ne3 Ne7 29. Qd1 b5 30. Bd3 Bxd5 31. Bf5 Qc6 32. c4 bxc4 1/2-1/2

[Event "24. Int. Boeblinger Open"]
[Site "Boeblingen"]
[Date "2007.12.28"]
[Round "5.17"]
[White "Mueller, Christian"]
[Black "Schmitz, Thorsten"]
[Result "1-0"]
[WhiteElo "2086"]
[BlackElo "2256"]
[PlyCount "37"]
[EventDate "2007.??.??"]

1. d4 Nf6 2. c4 e6 3. Nc3 c5 4. d5 exd5 5. cxd5 Bd6 6. g3 Bc7 7. d6 Ba5 8. Bg2
Nc6 9. Nh3 Bxc3+ 10. bxc3 O-O 11. O-O b6 12. e4 Ba6 13. Re1 h6 14. e5 Nh7 15.
Qg4 Kh8 16. Qf5 Bc4 17. Be4 g6 18. Qf4 f5 19. Bxc6 1-0

[Event "24. Int. Boeblinger Open"]
[Site "Boeblingen"]
[Date "2007.12.28"]
[Round "5.18"]
[White "Graf, Felix"]
[Black "Klostermann, Dietmar"]
[Result "1-0"]
[WhiteElo "2241"]
[BlackElo "1968"]
[PlyCount "67"]
[EventDate "2007.??.??"]

1. d4 Nf6 2. c4 e5 3. dxe5 Ng4 4. Bf4 Nc6 5. Nf3 Bb4+ 6. Nbd2 Qe7 7. e3 Ngxe5
8. Nxe5 Nxe5 9. Be2 d6 10. O-O Be6 11. Rc1 c6 12. Nb3 Ng6 13. Bg3 Rd8 14. Qd4
O-O 15. Qxa7 Bc5 16. Nxc5 dxc5 17. Rfd1 Ra8 18. Qb6 Ra6 19. Qb3 Rfa8 20. a3 b6
21. Qc3 f5 22. Bf3 Rc8 23. Rd2 Qf7 24. Rd6 Ra4 25. b3 Rxa3 26. Qb2 Ra7 27. Bxc6
h5 28. Rxe6 h4 29. Bd5 Kh7 30. Bf4 Re7 31. Rxb6 Qe8 32. Bd6 Qd8 33. Qe2 Kh6 34.
Bf4+ 1-0

[Event "24. Int. Boeblinger Open"]
[Site "Boeblingen"]
[Date "2007.12.28"]
[Round "5.21"]
[White "Niedermeier, Thomas"]
[Black "Klein, Joachim"]
[Result "0-1"]
[WhiteElo "1961"]
[BlackElo "2233"]
[PlyCount "62"]
[EventDate "2007.??.??"]

1. e4 d6 2. d4 Nf6 3. Nc3 g6 4. f3 c6 5. Be3 b5 6. a3 Nbd7 7. Bd3 Bb7 8. Nge2
a5 9. Qd2 Bg7 10. Nd1 O-O 11. Bh6 e5 12. c3 Nxe4 13. fxe4 Qh4+ 14. g3 Qxh6 15.
Ne3 d5 16. O-O-O b4 17. h4 bxc3 18. bxc3 exd4 19. cxd4 c5 20. g4 cxd4 21. g5
dxe3 22. Qxe3 Bb2+ 23. Kxb2 Qg7+ 24. Ka2 Rab8 25. Rd2 dxe4 26. Bb5 Ne5 27. Nf4
Ng4 28. Qh3 e3 29. Qxg4 exd2 30. Rd1 Qd4 31. a4 Rfc8 0-1

[Event "24. Int. Boeblinger Open"]
[Site "Boeblingen"]
[Date "2007.12.28"]
[Round "5.22"]
[White "Rezasade, Amir"]
[Black "Krause, Thomas"]
[Result "1-0"]
[WhiteElo "2231"]
[BlackElo "2037"]
[PlyCount "47"]
[EventDate "2007.??.??"]

1. c4 g6 2. g3 Bg7 3. Bg2 d6 4. Nc3 e5 5. e4 f5 6. d3 Nf6 7. Nge2 O-O 8. h3 c5
9. Bg5 h6 10. Be3 Nc6 11. Qd2 Kh7 12. f4 Be6 13. exf5 gxf5 14. fxe5 dxe5 15.
Bxc5 Rf7 16. Rd1 Rd7 17. b3 Qe8 18. O-O Qg6 19. Qe3 Ne8 20. Nd5 Nd6 21. Nef4
Qf7 22. Nxe6 Qxe6 23. Bxd6 Rxd6 24. Nc7 1-0

[Event "24. Int. Boeblinger Open"]
[Site "Boeblingen"]
[Date "2007.12.28"]
[Round "4.1"]
[White "Werner, Claus"]
[Black "Fercec, Nenad"]
[Result "0-1"]
[WhiteElo "2239"]
[BlackElo "2487"]
[PlyCount "74"]
[EventDate "2007.??.??"]

1. e4 c5 2. Nc3 d6 3. g3 Nc6 4. Bg2 g6 5. d3 Bg7 6. Be3 Rb8 7. Qd2 b5 8. Nf3 b4
9. Nd1 Nd4 10. O-O Nxf3+ 11. Bxf3 Bh3 12. Bg2 Qd7 13. f3 Bxg2 14. Kxg2 h5 15.
d4 h4 16. Nf2 cxd4 17. Bxd4 Nf6 18. Rfe1 O-O 19. c4 bxc3 20. Bxc3 Qb7 21. Rad1
Rbc8 22. Nd3 Rc4 23. Qe2 Rfc8 24. Nf4 a5 25. Rd2 a4 26. e5 dxe5 27. Bxe5 e6 28.
Red1 Qb6 29. Rd6 R4c6 30. R1d2 Rxd6 31. Rxd6 Qc5 32. Rd2 Ng4 33. Nd3 Qc6 34.
Bxg7 Kxg7 35. Qe4 Qxe4 36. fxe4 Rd8 37. Kf3 Nxh2+ 0-1

[Event "24. Int. Boeblinger Open"]
[Site "Boeblingen"]
[Date "2007.12.28"]
[Round "4.2"]
[White "Kabisch, Thilo"]
[Black "Schmittdiel, Eckhard"]
[Result "1-0"]
[WhiteElo "2227"]
[BlackElo "2423"]
[PlyCount "69"]
[EventDate "2007.??.??"]

1. e4 c5 2. Nf3 e6 3. d4 cxd4 4. Nxd4 Nf6 5. Nc3 d6 6. Bc4 a6 7. a3 Bd7 8. Ba2
Nc6 9. O-O Be7 10. Kh1 O-O 11. f4 Nxd4 12. Qxd4 Bc6 13. f5 Kh8 14. Bg5 exf5 15.
Rxf5 Ng4 16. Bxe7 Qxe7 17. Raf1 Ne5 18. Nd5 Bxd5 19. Bxd5 Rac8 20. c3 f6 21. h3
g6 22. R5f2 Kg7 23. Qb6 Rc7 24. Rd1 Rfc8 25. a4 Nd7 26. Qb4 b6 27. a5 b5 28.
Rfd2 Nc5 29. Qd4 Re8 30. Rf1 Qd8 31. b4 Nd7 32. c4 Qb8 33. Rdf2 Re5 34. c5 Qa7
35. Qa1 1-0

[Event "24. Int. Boeblinger Open"]
[Site "Boeblingen"]
[Date "2007.12.28"]
[Round "4.3"]
[White "Rojas, Luis"]
[Black "Graf, Felix"]
[Result "1-0"]
[WhiteElo "2414"]
[BlackElo "2241"]
[PlyCount "69"]
[EventDate "2007.??.??"]

1. e4 c5 2. Nf3 e6 3. d4 cxd4 4. Nxd4 Nc6 5. Nc3 Qc7 6. Be3 a6 7. Qd2 Nxd4 8.
Bxd4 b5 9. O-O-O Ne7 10. Kb1 Nc6 11. Be3 Ne5 12. f4 Nc4 13. Bxc4 Qxc4 14. Bd4
f6 15. g4 Be7 16. g5 O-O 17. gxf6 Bxf6 18. Bxf6 Rxf6 19. Rhg1 Bb7 20. b3 Qc8
21. Qxd7 Rf7 22. Qd4 Qc7 23. Ne2 Bc6 24. Ng3 Rxf4 25. Nh5 Rf7 26. Nxg7 Rxg7 27.
Rxg7+ Qxg7 28. Rg1 Qxg1+ 29. Qxg1+ Kf7 30. Qf2+ Ke7 31. Qc5+ Kd7 32. e5 Bd5 33.
c4 bxc4 34. bxc4 Be4+ 35. Ka1 1-0

[Event "24. Int. Boeblinger Open"]
[Site "Boeblingen"]
[Date "2007.12.28"]
[Round "4.5"]
[White "Haist, Winfried"]
[Black "Dausch, Rene"]
[Result "0-1"]
[WhiteElo "2139"]
[BlackElo "2351"]
[PlyCount "82"]
[EventDate "2007.??.??"]

1. e4 d5 2. exd5 Nf6 3. d4 Bg4 4. Be2 Bxe2 5. Qxe2 Qxd5 6. Nf3 e6 7. O-O Bd6 8.
Nc3 Qh5 9. Qb5+ Qxb5 10. Nxb5 Nc6 11. Nxd6+ cxd6 12. Bf4 d5 13. a4 Rc8 14. a5
Ne4 15. c3 f6 16. h4 a6 17. Rfd1 O-O 18. Nd2 Nxd2 19. Rxd2 Rfd8 20. Re2 Kf7 21.
Kf1 Rd7 22. Bg3 Re8 23. f4 h5 24. Bf2 Kg6 25. g3 Kf5 26. Kg2 Na7 27. c4 dxc4
28. Rc1 Nc6 29. Rxc4 Rd5 30. b4 Red8 31. Rc5 R8d7 32. Rb2 Na7 33. Rbc2 Nb5 34.
Re2 g6 35. Rec2 Nd6 36. Re2 Ne4 37. Rxd5+ Rxd5 38. Kf3 Nxf2 39. Kxf2 Rxd4 40.
Rb2 Rd3 41. b5 Ra3 0-1

[Event "24. Int. Boeblinger Open"]
[Site "Boeblingen"]
[Date "2007.12.28"]
[Round "4.6"]
[White "Gharamian, Tigran"]
[Black "Barthel, Ansgar"]
[Result "1-0"]
[WhiteElo "2557"]
[BlackElo "2235"]
[PlyCount "49"]
[EventDate "2007.??.??"]

1. e4 Nf6 2. e5 Nd5 3. d4 d6 4. Nf3 dxe5 5. Nxe5 c6 6. Be2 Bf5 7. O-O Nd7 8.
Nf3 e6 9. c4 Nb4 10. a3 Nc2 11. Ra2 Nxd4 12. Qxd4 Bxb1 13. Bg5 f6 14. Rxb1 fxg5
15. Rd1 Be7 16. Qe4 Qc7 17. Qxe6 Nc5 18. Qh3 Rd8 19. Rxd8+ Qxd8 20. b4 Ne4 21.
Qe6 Nc3 22. Rd2 Nxe2+ 23. Kf1 Qc7 24. Ne5 Rf8 25. Rd7 1-0

[Event "24. Int. Boeblinger Open"]
[Site "Boeblingen"]
[Date "2007.12.28"]
[Round "4.7"]
[White "Luther, Thomas"]
[Black "Strunski, Andreas"]
[Result "1-0"]
[WhiteElo "2534"]
[BlackElo "2238"]
[PlyCount "73"]
[EventDate "2007.??.??"]

1. e4 c5 2. Nf3 e6 3. d4 cxd4 4. Nxd4 a6 5. Bd3 Nc6 6. Nxc6 dxc6 7. Nd2 e5 8.
Nc4 Qc7 9. Qh5 Bd6 10. Qg5 g6 11. f4 f6 12. Qg3 Be6 13. Nxd6+ Qxd6 14. fxe5
fxe5 15. O-O O-O-O 16. b3 Re8 17. Bb2 Bd7 18. Rad1 Nf6 19. Bxa6 Qc5+ 20. Qf2
Nxe4 21. Bxb7+ Kc7 22. Qxc5 Nxc5 23. Rf7 Kxb7 24. Ba3 Kb6 25. Bxc5+ Kxc5 26.
Rdxd7 h5 27. Kf2 Re6 28. Ke3 Rhe8 29. a4 h4 30. h3 e4 31. Rd4 Re5 32. b4+ Kb6
33. Rdd7 Ra8 34. c4 Rg5 35. c5+ Ka6 36. Rc7 Rg3+ 37. Ke2 1-0

[Event "24. Int. Boeblinger Open"]
[Site "Boeblingen"]
[Date "2007.12.28"]
[Round "4.8"]
[White "Wirig, Anthony"]
[Black "Maehrlein, Christoph"]
[Result "1-0"]
[WhiteElo "2467"]
[BlackElo "2186"]
[PlyCount "87"]
[EventDate "2007.??.??"]

1. c4 e6 2. d4 b6 3. Nf3 Bb7 4. g3 f5 5. Bg2 Nf6 6. O-O Be7 7. Nc3 d6 8. Ng5
Bxg2 9. Kxg2 Qd7 10. d5 exd5 11. cxd5 Na6 12. Qd4 c5 13. dxc6 Qxc6+ 14. Kg1 Nc7
15. Qd3 g6 16. Nf3 O-O 17. Bg5 Rfe8 18. Rac1 Rad8 19. Rfd1 Qd7 20. Nd4 Ne6 21.
Nxe6 Qxe6 22. Bxf6 Bxf6 23. Nd5 Rd7 24. Nc7 Qxe2 25. Nxe8 Qxe8 26. Rc6 Be5 27.
Qd5+ Qf7 28. b3 f4 29. Kg2 Kg7 30. Qxf7+ Rxf7 31. Rdc1 d5 32. Re6 Bd4 33. gxf4
Rxf4 34. Rc7+ Kh6 35. Re2 Bc5 36. Rxa7 d4 37. Rd7 Rg4+ 38. Kf3 Rh4 39. Kg3 Rh5
40. Re4 Rf5 41. Rh4+ Kg5 42. Rhxh7 d3 43. f3 Rf6 44. Rd5+ 1-0

[Event "24. Int. Boeblinger Open"]
[Site "Boeblingen"]
[Date "2007.12.28"]
[Round "4.11"]
[White "Jussupow, Nadia"]
[Black "Beck, Frederik"]
[Result "1/2-1/2"]
[WhiteElo "2178"]
[BlackElo "2309"]
[PlyCount "59"]
[EventDate "2007.??.??"]

1. d4 Nf6 2. Nf3 c5 3. e3 e6 4. Bd3 d5 5. b3 Nc6 6. O-O Bd6 7. Bb2 O-O 8. Nbd2
Qe7 9. Ne5 cxd4 10. exd4 Nd7 11. f4 f5 12. Bb5 Bxe5 13. Bxc6 Bxd4+ 14. Bxd4
bxc6 15. Nf3 c5 16. Bb2 Bb7 17. Qe2 d4 18. c3 dxc3 19. Bxc3 Nf6 20. Ng5 Ne4 21.
Nxe4 Bxe4 22. Rad1 Rfd8 23. Rxd8+ Rxd8 24. Rd1 Rd5 25. Rd2 Qd7 26. h3 h6 27.
Qe3 Qd6 28. Be5 Qe7 29. Qc3 Qh4 30. Qe3 1/2-1/2

[Event "24. Int. Boeblinger Open"]
[Site "Boeblingen"]
[Date "2007.12.28"]
[Round "4.12"]
[White "Wigger, Jochen"]
[Black "Stuermer, Robin Gabriel"]
[Result "1/2-1/2"]
[WhiteElo "2297"]
[BlackElo "2171"]
[PlyCount "80"]
[EventDate "2007.??.??"]

1. Nf3 d5 2. g3 g6 3. c4 c6 4. Bg2 Bg7 5. O-O e5 6. d3 Ne7 7. cxd5 cxd5 8. Nc3
O-O 9. d4 e4 10. Ne1 Nbc6 11. Nc2 Be6 12. e3 Qd7 13. Bd2 Bh3 14. b4 Bxg2 15.
Kxg2 Nd8 16. f4 exf3+ 17. Qxf3 f5 18. Ne1 Nf7 19. h4 Rac8 20. Nd3 b6 21. Rac1
Nd6 22. Nxd5 Ne4 23. Nxe7+ Qxe7 24. Qe2 Qb7 25. Kh2 Qa6 26. Rxc8 Rxc8 27. Rc1
Rxc1 28. Bxc1 Qc4 29. a3 Qc7 30. Qa2+ Kh8 31. Qg2 Bf6 32. Bb2 Bxh4 33. d5+ Kg8
34. Be5 Qc4 35. Qe2 Bf6 36. Qb2 Bxe5 37. Qxe5 Qc2+ 38. Kg1 Qxd3 39. Qe8+ Kg7
40. Qe7+ Kh6 1/2-1/2

[Event "24. Int. Boeblinger Open"]
[Site "Boeblingen"]
[Date "2007.12.28"]
[Round "4.15"]
[White "Hirneise, Tobias"]
[Black "Lipok, Christoph"]
[Result "1-0"]
[WhiteElo "2287"]
[BlackElo "2178"]
[PlyCount "91"]
[EventDate "2007.??.??"]

1. e4 e6 2. d4 d5 3. Nc3 Bb4 4. e5 Ne7 5. a3 Bxc3+ 6. bxc3 c5 7. Nf3 b6 8. Bb5+
Bd7 9. Bd3 Ba4 10. h4 h6 11. h5 Nbc6 12. O-O c4 13. Be2 Kd7 14. Bf4 Qg8 15. Nh2
Qh7 16. Rc1 b5 17. Bg4 a5 18. Qd2 Rhb8 19. Bd1 b4 20. axb4 axb4 21. cxb4 Nxb4
22. Ra1 Nec6 23. c3 Bxd1 24. Rfxd1 Nd3 25. Rxa8 Rxa8 26. Be3 Ra3 27. Nf1 Na5
28. Ng3 Nb3 29. Qe2 Qg8 30. Qg4 Ra2 31. Rf1 Qf8 32. f4 f5 33. exf6 Qxf6 34. f5
e5 35. Qg6 exd4 36. Bxh6 dxc3 37. Bxg7 Qxg6 38. fxg6 c2 39. Bh6 Ra8 40. Ne2 Rg8
41. g7 c1=Q 42. Nxc1 Nbxc1 43. Rf8 Ne2+ 44. Kh2 Rxg7 45. Bxg7 c3 46. Bxc3 1-0

[Event "24. Int. Boeblinger Open"]
[Site "Boeblingen"]
[Date "2007.12.28"]
[Round "4.18"]
[White "Rombaldoni, Axel"]
[Black "Probst, Alexander"]
[Result "1-0"]
[WhiteElo "2399"]
[BlackElo "2145"]
[PlyCount "55"]
[EventDate "2007.??.??"]

1. e4 e5 2. Nf3 Nc6 3. Bb5 a6 4. Ba4 Nf6 5. O-O b5 6. Bb3 Be7 7. Re1 O-O 8. c3
d6 9. h3 Na5 10. Bc2 c5 11. d4 cxd4 12. cxd4 Qc7 13. Nbd2 Bd7 14. Nf1 Rac8 15.
Bb1 Nc6 16. b3 Nxd4 17. Nxd4 exd4 18. Bb2 Rfe8 19. Bxd4 Bc6 20. Ne3 g6 21. Qf3
Qd8 22. Nd5 Bxd5 23. exd5 Nd7 24. Bf5 Bg5 25. Rxe8+ Qxe8 26. Qg4 gxf5 27. Qxg5+
Kf8 28. Bg7+ 1-0

[Event "24. Int. Boeblinger Open"]
[Site "Boeblingen"]
[Date "2007.12.28"]
[Round "4.22"]
[White "Penzel, Nils"]
[Black "Remmler, Hans-Peter"]
[Result "1/2-1/2"]
[WhiteElo "2062"]
[BlackElo "2256"]
[PlyCount "44"]
[EventDate "2007.??.??"]

1. d4 Nf6 2. c4 e6 3. Nf3 c5 4. d5 b5 5. Bg5 exd5 6. cxd5 d6 7. e4 a6 8. a4 b4
9. Nbd2 Be7 10. Qb3 O-O 11. Bd3 Bb7 12. Bxf6 Bxf6 13. Nc4 Re8 14. O-O-O a5 15.
Rhe1 Ba6 16. Kb1 Ra7 17. Nfd2 Nd7 18. Nxd6 Bxd3+ 19. Qxd3 Ne5 20. Qb5 Ree7 21.
N2c4 Nxc4 22. Nxc4 Bd4 1/2-1/2

[Event "24. Int. Boeblinger Open"]
[Site "Boeblingen"]
[Date "2007.12.28"]
[Round "4.23"]
[White "Schmitz, Thorsten"]
[Black "Kuebler, Marcus"]
[Result "1-0"]
[WhiteElo "2256"]
[BlackElo "2054"]
[PlyCount "37"]
[EventDate "2007.??.??"]

1. Nf3 d6 2. g3 g6 3. Bg2 Bg7 4. O-O Nf6 5. c4 O-O 6. Nc3 c5 7. a3 Nc6 8. Rb1
Rb8 9. b4 cxb4 10. axb4 a6 11. b5 Na5 12. d3 Bd7 13. Bd2 h6 14. Qc1 Kh7 15.
bxa6 bxa6 16. Rxb8 Qxb8 17. Qa3 Nb7 18. Rb1 Qc8 19. Rxb7 1-0

[Event "24. Int. Boeblinger Open"]
[Site "Boeblingen"]
[Date "2007.12.28"]
[Round "4.25"]
[White "Klein, Joachim"]
[Black "Langensteiner, Matthias"]
[Result "1-0"]
[WhiteElo "2233"]
[BlackElo "2041"]
[PlyCount "43"]
[EventDate "2007.??.??"]

1. e4 e6 2. d4 d5 3. Nd2 c5 4. exd5 Qxd5 5. Ngf3 cxd4 6. Bc4 Qd6 7. O-O Nf6 8.
Re1 Nc6 9. Ne4 Nxe4 10. Rxe4 Be7 11. Nxd4 O-O 12. Bf4 e5 13. Nxc6 Qxc6 14. Bd5
Qb6 15. Bxe5 Bc5 16. Qf3 Bd7 17. Rd1 Rae8 18. b4 Bxb4 19. Qg3 g6 20. Qg5 Be7
21. Qh6 Bf6 22. Rh4 1-0

[Event "24. Int. Boeblinger Open"]
[Site "Boeblingen"]
[Date "2007.12.27"]
[Round "3.1"]
[White "Strunski, Andreas"]
[Black "Gharamian, Tigran"]
[Result "1/2-1/2"]
[WhiteElo "2238"]
[BlackElo "2557"]
[PlyCount "180"]
[EventDate "2007.??.??"]

1. d4 Nf6 2. c4 e6 3. Nc3 Bb4 4. Qc2 d5 5. a3 Bxc3+ 6. Qxc3 c5 7. dxc5 d4 8.
Qg3 O-O 9. Bh6 Ne8 10. h4 f6 11. h5 Qc7 12. Qxc7 Nxc7 13. Bd2 a5 14. e3 Nc6 15.
Nf3 dxe3 16. Bxe3 e5 17. Bd3 f5 18. Bc2 Ne6 19. O-O-O f4 20. Bd2 Nxc5 21. h6 g6
22. Rhe1 Bg4 23. Bc3 Rae8 24. Rd5 Nd7 25. Nxe5 Ndxe5 26. Bxe5 f3 27. g3 Be6 28.
Rdd1 Bxc4 29. Bg7 Rxe1 30. Rxe1 Rd8 31. Re4 Bd5 32. Re3 Kf7 33. Bb3 Bxb3 34.
Rxf3+ Ke6 35. Rxb3 Rd7 36. g4 Rf7 37. f3 a4 38. Rd3 b5 39. Kd2 Rb7 40. Re3+ Kf7
41. Rc3 Ne7 42. Rd3 Nc6 43. Rd6 Rc7 44. Bc3 Ke7 45. Rd5 Rb7 46. f4 Ke6 47. Rd3
Rf7 48. Ke3 Rb7 49. Ke4 Rf7 50. Rf3 Ne7 51. Kd4 Ng8 52. Kc5 Nxh6 53. g5 Rf5+
54. Kb6 Nf7 55. Re3+ Kd5 56. Rd3+ Ke4 57. Rd4+ Ke3 58. Rb4 Nd6 59. Kc6 Nc4 60.
Rxb5 Rxf4 61. Kd5 Kd3 62. Ke6 Re4+ 63. Kd5 Rf4 64. Bf6 h6 65. gxh6 Rxf6 66. h7
Rf8 67. Rb4 Ne3+ 68. Ke5 g5 69. Rxa4 g4 70. Ra7 Rf5+ 71. Ke6 Rh5 72. Rg7 g3 73.
Rxg3 Rxh7 74. Kd6 Rh2 75. b3 Ra2 76. a4 Rb2 77. a5 Rxb3 78. Kc6 Ra3 79. Kb5
Rb3+ 80. Ka6 Kd4 81. Ka7 Kc5 82. Rh3 Ra3 83. a6 Nc4 84. Rh5+ Kc6 85. Rh6+ Nd6
86. Rg6 Ra4 87. Rf6 Ra3 88. Rh6 Ra4 89. Rh2 Nb5+ 90. Kb8 Rxa6 1/2-1/2

[Event "24. Int. Boeblinger Open"]
[Site "Boeblingen"]
[Date "2007.12.27"]
[Round "3.4"]
[White "Rezasade, Amir"]
[Black "Wirig, Anthony"]
[Result "1/2-1/2"]
[WhiteElo "2231"]
[BlackElo "2467"]
[PlyCount "25"]
[EventDate "2007.??.??"]

1. Nf3 d5 2. c4 c6 3. g3 Bg4 4. Ne5 Be6 5. d4 Nd7 6. Nf3 dxc4 7. Bg2 Bd5 8. O-O
Nb6 9. Nbd2 Nf6 10. Qc2 Bxf3 11. Nxf3 g6 12. Rd1 Bg7 13. Ne5 1/2-1/2

[Event "24. Int. Boeblinger Open"]
[Site "Boeblingen"]
[Date "2007.12.27"]
[Round "3.5"]
[White "Schmittdiel, Eckhard"]
[Black "Rombaldoni, Andrea"]
[Result "1-0"]
[WhiteElo "2423"]
[BlackElo "2229"]
[PlyCount "47"]
[EventDate "2007.??.??"]

1. Nf3 f5 2. c4 Nf6 3. Nc3 g6 4. d4 Bg7 5. Bf4 d6 6. e3 c6 7. Qb3 Nh5 8. c5
Nxf4 9. exf4 d5 10. h4 Nd7 11. h5 b6 12. Ng5 Nf8 13. Qa4 Bd7 14. hxg6 hxg6 15.
Rxh8 Bxh8 16. Ba6 Qb8 17. Nxd5 bxc5 18. dxc5 cxd5 19. c6 Qxb2 20. cxd7+ Nxd7
21. Rd1 d4 22. Bb5 O-O-O 23. Ne6 Nc5 24. Qc4 1-0

[Event "24. Int. Boeblinger Open"]
[Site "Boeblingen"]
[Date "2007.12.27"]
[Round "3.6"]
[White "Schleich, Markus"]
[Black "Rojas, Luis"]
[Result "0-1"]
[WhiteElo "2213"]
[BlackElo "2414"]
[PlyCount "40"]
[EventDate "2007.??.??"]

1. e4 e6 2. d4 d5 3. Nc3 Bb4 4. e5 c5 5. a3 Bxc3+ 6. bxc3 Ne7 7. Nf3 Qa5 8. Rb1
cxd4 9. Rb5 Qxc3+ 10. Bd2 Qc7 11. Bd3 Nbc6 12. O-O Ng6 13. Re1 Ncxe5 14. Nxe5
Nxe5 15. Bb4 b6 16. Rxd5 exd5 17. Bb5+ Bd7 18. Bxd7+ Kxd7 19. Qxd4 Rae8 20.
Qxd5+ Kc8 0-1